| 000 | 00522cam a22002051 4500 | ||
|---|---|---|---|
| 001 | he 66001637 | ||
| 003 | DLC | ||
| 005 | 20260227111441.0 | ||
| 008 | 831110s1966 is 000 0 heb | ||
| 010 | _ahe 66001637 | ||
| 035 | _a(OCoLC)19137688 | ||
| 040 |
_aDLC _cMH _dCU _dDLC |
||
| 042 | _apremarc | ||
| 050 | 0 | 0 |
_aPJ5053.C46 _bE9 |
| 100 | 1 |
_aChomsky, Dov, _d1913-1976. |
|
| 245 | 1 | 0 |
_aEzov ba-even : _bshirim. |
| 260 |
_aRamat Gan : _bMasadah, _c[1966] |
||
| 300 |
_a254 p. ; _c21 cm. |
||
| 752 |
_aIsrael _dRamat Gan |
||
| 999 |
_c31949 _d31949 |
||